000 00508nam a2200181Ia 4500
003 GCL
008 140319s9999 xx 000 0 ara d
040 _aGCL /
_cGCL
082 0 4 _a818
_bع ص
100 1 _aعبدالوهاب ابراهيم
245 1 0 _aصديقى ما اعظمك /
_cعبدالوهاب ابراهيم
700 1 _aعبدالوهاب مطاوع
300 _a115 ص
490 _a100 قصة
_v0
650 0 4 _aالقصص العربية
650 0 4 _aالمقالات
942 _2ddc
_cBK
999 _c44998
_d44998